00580nam a22001697a 4500003000200000005001700002008004100019020002200060050002200082245008800104260005100192300003000243500004500273504002100318650004500339651002600384020230904093854.0230904b xxu||||| |||| 00| 0 eng d a978-971-10-1358-5 aDS 688b.M56 2017 aMindanao muslim history : documentary sources from the advent of islam to the 1800s aDavao CitybAteneo de Davao Universitycc2017. axi, 326 pages ; c23 cm.  aMindanao island (Philippines)--history.  aIncludes index.  aMindanao island (Philippines)--history.  aMuslim--Philippines.